000 00635nam a2200217 i 4500
001 31740
003 ES-MaACL
005 20230906154432.0
007 t|
008 030130s1941 sp ap ||||1| spa d
100 1 _aBaumann, Emile.
_926580
245 1 0 _aVida de Eloísa /
_cEmile Baumann ; [traducción del francés por A. Esclasans].
250 _a1ª ed.
260 _aBarcelona :
_bAymá,
_c1941 (
_fVda. J. Ferrer Coll)
300 _a150 p. :
_bil. ;
_c18 cm.
490 1 _aSelene ;
_v3
700 1 _aEsclasans, Agustín.
_947545
830 0 _aSelene ;
_v3
_9229385
852 _aES-MaACL
_jD-5718
999 _c31740
_d31740